Top 30 Biggest Countries in Dicereum - Statistics

General Stats
  • This quiz has been taken 3 times
  • The average score is 23 of 30
Answer Stats
Area (sq. km.) Answer % Correct
8,110,025 Alveria
100%
10,544,703 Bayon Federation
100%
34,632,478 Bhadeliastan
100%
3,250,667 Caverta
100%
6,599,808 Figiliastan
100%
4,293,708 Hyshnia
100%
8,947,926 Irok'Waiye
100%
3,208,780 Kijivu
100%
2,307,647 Kimmunia
100%
8,413,837 Nodosia
100%
19,278,275 Northern Federation
100%
4,085,409 Palsh
100%
4,179,659 Ruexfur
100%
3,957,049 Rugenia
100%
9,281,884 Tchicaya
100%
3,444,350 Vinnia
100%
12,725,123 Vinrose Republic
100%
3,802,311 Brimor
50%
3,660,512 Dharius
50%
3,188,044 Donshibora
50%
3,702,115 Gimantra
50%
2,325,072 Huhenzern
50%
3,748,554 Nichoa
50%
2,761,448 Pvaltoricus
50%
8,006,714 Rosinovia
50%
2,531,629 South Loserania
50%
4,679,332 Vincentus
50%
4,049,317 Xyalorus
50%
2,748,858 Nigositan
0%
2,417,231 Premany
0%
No matching quizzes found
Score Distribution
Percent of People with Each Score
Percentile by Number Answered
Your Score History
You have not taken this quiz